Process plant construction estimating standards.

Bibliographic Details
Previous Title:Richardson Engineering Services. Process plant construction estimating and engineering standards
Corporate Author: Richardson Engineering Services
Format: Serial
Language:English
Published: Solana Beach, Calif. : Richardson Engineering Services, inc.
Subjects:

MARC

Tag First Indicator Second Indicator Subfields
LEADER 00000cas a2200000 4500
001 in00000078353
005 20151008052803.0
008 751031c19759999cauuu 0uuua0eng d
035 |a (OCoLC)01749682 
035 |9 AAH4874AM 
040 |a DRB  |c DRB  |d FUG  |d TXA  |d UtOrBLW 
043 |a n-us--- 
049 |a TXAE 
090 |a TA404.5  |b .R513 
110 2 |a Richardson Engineering Services. 
245 1 0 |a Process plant construction estimating standards. 
264 1 |a Solana Beach, Calif. :  |b Richardson Engineering Services, inc. 
300 |a  volumes :  |b illustrations ;  |c 28 cm. 
336 |a text  |b txt  |2 rdacontent 
337 |a unmediated  |b n  |2 rdamedia 
338 |a volume  |b nc  |2 rdacarrier 
500 |a "Richardson Rapid System." 
515 |a Issued in parts. 
650 0 |a Buildings  |v Specifications. 
650 0 |a Standards, Engineering. 
650 0 |a Building construction contracts. 
780 0 0 |a Richardson Engineering Services.  |t Process plant construction estimating and engineering standards 
999 |a MARS 
999 f f |s db09c13e-db4b-34aa-b178-e939b10fba22  |i 8d909775-e072-3e80-8bed-351cfe0454a8  |t 0 
952 f f |p ric  |a Texas A&M University  |b Rellis Campus  |c Joint Library Facility  |s JLF  |d Remote Storage  |t 0  |e TA404.5 .R513  |h Library of Congress classification  |i unmediated -- volume  |l 1992:v.1  |m A14817185452 
952 f f |p ric  |a Texas A&M University  |b Rellis Campus  |c Joint Library Facility  |s JLF  |d Remote Storage  |t 0  |e TA404.5 .R513  |h Library of Congress classification  |i unmediated -- volume  |l 1991:v.2  |m A14815531152 
952 f f |p ric  |a Texas A&M University  |b Rellis Campus  |c Joint Library Facility  |s JLF  |d Remote Storage  |t 0  |e TA404.5 .R513  |h Library of Congress classification  |i unmediated -- volume  |k 2001:v.3  |m A14828275969 
952 f f |p ric  |a Texas A&M University  |b Rellis Campus  |c Joint Library Facility  |s JLF  |d Remote Storage  |t 0  |e TA404.5 .R513  |h Library of Congress classification  |i unmediated -- volume  |l 1993:v.1  |m A14817870007 
952 f f |p ric  |a Texas A&M University  |b Rellis Campus  |c Joint Library Facility  |s JLF  |d Remote Storage  |t 0  |e TA404.5 .R513  |h Library of Congress classification  |i unmediated -- volume  |k 1999:v.1  |m A14826016296 
952 f f |p ric  |a Texas A&M University  |b Rellis Campus  |c Joint Library Facility  |s JLF  |d Remote Storage  |t 0  |e TA404.5 .R513  |h Library of Congress classification  |i unmediated -- volume  |k 2001:v.2  |m A14828276224 
952 f f |p ric  |a Texas A&M University  |b Rellis Campus  |c Joint Library Facility  |s JLF  |d Remote Storage  |t 0  |e TA404.5 .R513  |h Library of Congress classification  |i unmediated -- volume  |k 2001:v.1  |m A14828276232 
952 f f |p ric  |a Texas A&M University  |b Rellis Campus  |c Joint Library Facility  |s JLF  |d Remote Storage  |t 0  |e TA404.5 .R513  |h Library of Congress classification  |i unmediated -- volume  |k 1999:v.3  |m A14826016212 
952 f f |p ric  |a Texas A&M University  |b Rellis Campus  |c Joint Library Facility  |s JLF  |d Remote Storage  |t 0  |e TA404.5 .R513  |h Library of Congress classification  |i unmediated -- volume  |l 1997:v.1  |m A14823066006 
952 f f |p ric  |a Texas A&M University  |b Rellis Campus  |c Joint Library Facility  |s JLF  |d Remote Storage  |t 0  |e TA404.5 .R513  |h Library of Congress classification  |i unmediated -- volume  |l 1995:v.1  |m A14819878857 
952 f f |p ric  |a Texas A&M University  |b Rellis Campus  |c Joint Library Facility  |s JLF  |d Remote Storage  |t 0  |e TA404.5 .R513  |h Library of Congress classification  |i unmediated -- volume  |l 1998:v.3  |m A14823261119 
952 f f |p ric  |a Texas A&M University  |b Rellis Campus  |c Joint Library Facility  |s JLF  |d Remote Storage  |t 0  |e TA404.5 .R513  |h Library of Congress classification  |i unmediated -- volume  |l 1997:v.3  |m A14823066022 
952 f f |p ric  |a Texas A&M University  |b Rellis Campus  |c Joint Library Facility  |s JLF  |d Remote Storage  |t 0  |e TA404.5 .R513  |h Library of Congress classification  |i unmediated -- volume  |k 2002:v.1  |m A14828952553 
952 f f |p ric  |a Texas A&M University  |b Rellis Campus  |c Joint Library Facility  |s JLF  |d Remote Storage  |t 0  |e TA404.5 .R513  |h Library of Congress classification  |i unmediated -- volume  |l 1987:v.4  |m A14817185096 
952 f f |p ric  |a Texas A&M University  |b Rellis Campus  |c Joint Library Facility  |s JLF  |d Remote Storage  |t 0  |e TA404.5 .R513  |h Library of Congress classification  |i unmediated -- volume  |l 1994:v.1  |m A14818832654 
952 f f |p ric  |a Texas A&M University  |b Rellis Campus  |c Joint Library Facility  |s JLF  |d Remote Storage  |t 0  |e TA404.5 .R513  |h Library of Congress classification  |i unmediated -- volume  |l 1991:v.4  |m A14817185127 
952 f f |p ric  |a Texas A&M University  |b Rellis Campus  |c Joint Library Facility  |s JLF  |d Remote Storage  |t 0  |e TA404.5 .R513  |h Library of Congress classification  |i unmediated -- volume  |k 2000:v.1  |m A14827903218 
952 f f |p ric  |a Texas A&M University  |b Rellis Campus  |c Joint Library Facility  |s JLF  |d Remote Storage  |t 0  |e TA404.5 .R513  |h Library of Congress classification  |i unmediated -- volume  |l 1984:v.2  |m A14817185216 
952 f f |p ric  |a Texas A&M University  |b Rellis Campus  |c Joint Library Facility  |s JLF  |d Remote Storage  |t 0  |e TA404.5 .R513  |h Library of Congress classification  |i unmediated -- volume  |l 1998:v.1  |m A14823261135 
952 f f |p ric  |a Texas A&M University  |b Rellis Campus  |c Joint Library Facility  |s JLF  |d Remote Storage  |t 0  |e TA404.5 .R513  |h Library of Congress classification  |i unmediated -- volume  |k 2002:v.2  |m A14828952511 
952 f f |p ric  |a Texas A&M University  |b Rellis Campus  |c Joint Library Facility  |s JLF  |d Remote Storage  |t 0  |e TA404.5 .R513  |h Library of Congress classification  |i unmediated -- volume  |k 1999:v.2  |m A14826016254 
952 f f |p ric  |a Texas A&M University  |b Rellis Campus  |c Joint Library Facility  |s JLF  |d Remote Storage  |t 0  |e TA404.5 .R513  |h Library of Congress classification  |i unmediated -- volume  |k 2002:v.4  |m A14828952503 
952 f f |p ric  |a Texas A&M University  |b Rellis Campus  |c Joint Library Facility  |s JLF  |d Remote Storage  |t 0  |e TA404.5 .R513  |h Library of Congress classification  |i unmediated -- volume  |l 1992:v.2  |m A14817185363 
952 f f |p ric  |a Texas A&M University  |b Rellis Campus  |c Joint Library Facility  |s JLF  |d Remote Storage  |t 0  |e TA404.5 .R513  |h Library of Congress classification  |i unmediated -- volume  |l 1988:v.4  |m A14811633936 
952 f f |p ric  |a Texas A&M University  |b Rellis Campus  |c Joint Library Facility  |s JLF  |d Remote Storage  |t 0  |e TA404.5 .R513  |h Library of Congress classification  |i unmediated -- volume  |l 1986:v.3  |m A14817185305 
952 f f |p ric  |a Texas A&M University  |b Rellis Campus  |c Joint Library Facility  |s JLF  |d Remote Storage  |t 0  |e TA404.5 .R513  |h Library of Congress classification  |i unmediated -- volume  |k 2001:v.4  |m A14828275765 
952 f f |p ric  |a Texas A&M University  |b Rellis Campus  |c Joint Library Facility  |s JLF  |d Remote Storage  |t 0  |e TA404.5 .R513  |h Library of Congress classification  |i unmediated -- volume  |l 1998:v.2  |m A14823261127 
952 f f |p ric  |a Texas A&M University  |b Rellis Campus  |c Joint Library Facility  |s JLF  |d Remote Storage  |t 0  |e TA404.5 .R513  |h Library of Congress classification  |i unmediated -- volume  |l 1997:v.4  |m A14823066014 
952 f f |p ric  |a Texas A&M University  |b Rellis Campus  |c Joint Library Facility  |s JLF  |d Remote Storage  |t 0  |e TA404.5 .R513  |h Library of Congress classification  |i unmediated -- volume  |l 1986:v.4  |m A14817185355 
952 f f |p ric  |a Texas A&M University  |b Rellis Campus  |c Joint Library Facility  |s JLF  |d Remote Storage  |t 0  |e TA404.5 .R513  |h Library of Congress classification  |i unmediated -- volume  |l 1984:v.3  |m A14817185266 
952 f f |p ric  |a Texas A&M University  |b Rellis Campus  |c Joint Library Facility  |s JLF  |d Remote Storage  |t 0  |e TA404.5 .R513  |h Library of Congress classification  |i unmediated -- volume  |l 1990:v.4  |m A14814351444 
952 f f |p ric  |a Texas A&M University  |b Rellis Campus  |c Joint Library Facility  |s JLF  |d Remote Storage  |t 0  |e TA404.5 .R513  |h Library of Congress classification  |i unmediated -- volume  |l 1987:v.3  |m A14817185046 
952 f f |p ric  |a Texas A&M University  |b Rellis Campus  |c Joint Library Facility  |s JLF  |d Remote Storage  |t 0  |e TA404.5 .R513  |h Library of Congress classification  |i unmediated -- volume  |l 1994:v.3  |m A14818840615 
952 f f |p ric  |a Texas A&M University  |b Rellis Campus  |c Joint Library Facility  |s JLF  |d Remote Storage  |t 0  |e TA404.5 .R513  |h Library of Congress classification  |i unmediated -- volume  |k 2000:v.3  |m A14827903292 
952 f f |p ric  |a Texas A&M University  |b Rellis Campus  |c Joint Library Facility  |s JLF  |d Remote Storage  |t 0  |e TA404.5 .R513  |h Library of Congress classification  |i unmediated -- volume  |k 2002:v.3  |m A14828952668 
952 f f |p ric  |a Texas A&M University  |b Rellis Campus  |c Joint Library Facility  |s JLF  |d Remote Storage  |t 0  |e TA404.5 .R513  |h Library of Congress classification  |i unmediated -- volume  |l 1994:v.4  |m A14818840623 
952 f f |p ric  |a Texas A&M University  |b Rellis Campus  |c Joint Library Facility  |s JLF  |d Remote Storage  |t 0  |e TA404.5 .R513  |h Library of Congress classification  |i unmediated -- volume  |k 2000:v.2  |m A14827903250 
952 f f |p ric  |a Texas A&M University  |b Rellis Campus  |c Joint Library Facility  |s JLF  |d Remote Storage  |t 0  |e TA404.5 .R513  |h Library of Congress classification  |i unmediated -- volume  |l 1984:v.4  |m A14817185313 
952 f f |p ric  |a Texas A&M University  |b Rellis Campus  |c Joint Library Facility  |s JLF  |d Remote Storage  |t 0  |e TA404.5 .R513  |h Library of Congress classification  |i unmediated -- volume  |l 1987:v.2  |m A14817184993 
952 f f |p ric  |a Texas A&M University  |b Rellis Campus  |c Joint Library Facility  |s JLF  |d Remote Storage  |t 0  |e TA404.5 .R513  |h Library of Congress classification  |i unmediated -- volume  |l 1995:v.4  |m A14819878700 
952 f f |p ric  |a Texas A&M University  |b Rellis Campus  |c Joint Library Facility  |s JLF  |d Remote Storage  |t 0  |e TA404.5 .R513  |h Library of Congress classification  |i unmediated -- volume  |l 1990:v.1  |m A14814351591 
952 f f |p ric  |a Texas A&M University  |b Rellis Campus  |c Joint Library Facility  |s JLF  |d Remote Storage  |t 0  |e TA404.5 .R513  |h Library of Congress classification  |i unmediated -- volume  |l 1993:v.3  |m A14817870065 
952 f f |p ric  |a Texas A&M University  |b Rellis Campus  |c Joint Library Facility  |s JLF  |d Remote Storage  |t 0  |e TA404.5 .R513  |h Library of Congress classification  |i unmediated -- volume  |k 1999:v.4  |m A14826016343 
952 f f |p ric  |a Texas A&M University  |b Rellis Campus  |c Joint Library Facility  |s JLF  |d Remote Storage  |t 0  |e TA404.5 .R513  |h Library of Congress classification  |i unmediated -- volume  |l 1993:v.4  |m A14817870073 
952 f f |p ric  |a Texas A&M University  |b Rellis Campus  |c Joint Library Facility  |s JLF  |d Remote Storage  |t 0  |e TA404.5 .R513  |h Library of Congress classification  |i unmediated -- volume  |l 1991:v.3  |m A14815531102 
952 f f |p ric  |a Texas A&M University  |b Rellis Campus  |c Joint Library Facility  |s JLF  |d Remote Storage  |t 0  |e TA404.5 .R513  |h Library of Congress classification  |i unmediated -- volume  |l 1984:v.1  |m A14817185169 
952 f f |p ric  |a Texas A&M University  |b Rellis Campus  |c Joint Library Facility  |s JLF  |d Remote Storage  |t 0  |e TA404.5 .R513  |h Library of Congress classification  |i unmediated -- volume  |l 1997:v.2  |m A14823066030 
952 f f |p ric  |a Texas A&M University  |b Rellis Campus  |c Joint Library Facility  |s JLF  |d Remote Storage  |t 0  |e TA404.5 .R513  |h Library of Congress classification  |i unmediated -- volume  |l 1987:v.1  |m A14817184943 
952 f f |p ric  |a Texas A&M University  |b Rellis Campus  |c Joint Library Facility  |s JLF  |d Remote Storage  |t 0  |e TA404.5 .R513  |h Library of Congress classification  |i unmediated -- volume  |l 1990:v.2  |m A14814351541 
952 f f |p ric  |a Texas A&M University  |b Rellis Campus  |c Joint Library Facility  |s JLF  |d Remote Storage  |t 0  |e TA404.5 .R513  |h Library of Congress classification  |i unmediated -- volume  |l 1992:v.4  |m A14817185402 
952 f f |p ric  |a Texas A&M University  |b Rellis Campus  |c Joint Library Facility  |s JLF  |d Remote Storage  |t 0  |e TA404.5 .R513  |h Library of Congress classification  |i unmediated -- volume  |l 1994:v.2  |m A14818832701 
952 f f |p ric  |a Texas A&M University  |b Rellis Campus  |c Joint Library Facility  |s JLF  |d Remote Storage  |t 0  |e TA404.5 .R513  |h Library of Congress classification  |i unmediated -- volume  |l 1986:v.1  |m A14817185208 
952 f f |p ric  |a Texas A&M University  |b Rellis Campus  |c Joint Library Facility  |s JLF  |d Remote Storage  |t 0  |e TA404.5 .R513  |h Library of Congress classification  |i unmediated -- volume  |l 1990:v.3  |m A14814351494 
952 f f |p ric  |a Texas A&M University  |b Rellis Campus  |c Joint Library Facility  |s JLF  |d Remote Storage  |t 0  |e TA404.5 .R513  |h Library of Congress classification  |i unmediated -- volume  |l 1991:v.1  |m A14815531209 
952 f f |p ric  |a Texas A&M University  |b Rellis Campus  |c Joint Library Facility  |s JLF  |d Remote Storage  |t 0  |e TA404.5 .R513  |h Library of Congress classification  |i unmediated -- volume  |l 1998:v.4  |m A14823261185 
952 f f |p ric  |a Texas A&M University  |b Rellis Campus  |c Joint Library Facility  |s JLF  |d Remote Storage  |t 0  |e TA404.5 .R513  |h Library of Congress classification  |i unmediated -- volume  |l 1995:v.3  |m A14819878750 
952 f f |p ric  |a Texas A&M University  |b Rellis Campus  |c Joint Library Facility  |s JLF  |d Remote Storage  |t 0  |e TA404.5 .R513  |h Library of Congress classification  |i unmediated -- volume  |l 1986:v.2  |m A14817185258 
952 f f |p ric  |a Texas A&M University  |b Rellis Campus  |c Joint Library Facility  |s JLF  |d Remote Storage  |t 0  |e TA404.5 .R513  |h Library of Congress classification  |i unmediated -- volume  |l 1992:v.3  |m A14817185321 
952 f f |p ric  |a Texas A&M University  |b Rellis Campus  |c Joint Library Facility  |s JLF  |d Remote Storage  |t 0  |e TA404.5 .R513  |h Library of Congress classification  |i unmediated -- volume  |l 1993:v.2  |m A14817870057 
952 f f |p ric  |a Texas A&M University  |b Rellis Campus  |c Joint Library Facility  |s JLF  |d Remote Storage  |t 0  |e TA404.5 .R513  |h Library of Congress classification  |i unmediated -- volume  |l 1995:v.2  |m A14819878807 
952 f f |p ric  |a Texas A&M University  |b Rellis Campus  |c Joint Library Facility  |s JLF  |d Remote Storage  |t 0  |e TA404.5 .R513  |h Library of Congress classification  |i unmediated -- volume  |k 2000:v.4  |m A14827903331 
952 f f |p normal  |a Texas A&M University  |b Rellis Campus  |c Joint Library Facility  |s JLF  |d Remote Storage  |t 0  |e TA404.5 .R513  |h Library of Congress classification  |i unmediated -- volume  |l 1988:v.3  |m A14811216726 
998 f f |a TA404.5 .R513  |s 1997-2002  |t 0  |l Remote Storage